[Event "GER-ch U12 Girls"]
[Site "Willingen"]
[Date "2019.06.13"]
[Round "7"]
[White "Wille, Melanie"]
[Black "Leongardt, Adel"]
[Result "1-0"]
[WhiteElo "1083"]
[BlackElo "1179"]
[PlyCount "49"]
[EventDate "2019.06.08"]
[EventType "swiss"]
[EventRounds "9"]
[EventCountry "GER"]
[SourceTitle "CBM 191 Extra"]
[Source "ChessBase"]
[SourceDate "2019.09.30"]
[SourceVersion "1"]
[SourceVersionDate "2019.09.30"]
[SourceQuality "1"]

1. e4 g6 2. d4 Bg7 3. Nc3 d6 4. Bc4 Nf6 5. Qe2 0-0 6. e5 dxe5 7. dxe5 Nfd7 8. e6 fxe6 9. Bxe6+ Kh8 10. Nf3 Nc5 11. Bc4 Bg4 12. Be3 Bxf3 13. gxf3 Ncd7 14. Rd1 Qc8 15. Be6 a5 16. h4 a4 17. a3 Nc6 18. Bxd7 Qb8 19. Nd5 Ne5 20. Be6 Nxf3+ 21. Kf1 Bxb2 22. Nxe7 Bxa3 23. Bd4+ Nxd4 24. Qe5+ Rf6 25. Qxf6# 1-0

[Event "GER-ch U12 Girls"]
[Site "Willingen"]
[Date "2019.06.12"]
[Round "5"]
[White "Wille, Melanie"]
[Black "Irrgang, Natascha"]
[Result "0-1"]
[WhiteElo "1083"]
[BlackElo "1210"]
[PlyCount "84"]
[EventDate "2019.06.08"]
[EventType "swiss"]
[EventRounds "9"]
[EventCountry "GER"]
[SourceTitle "CBM 191 Extra"]
[Source "ChessBase"]
[SourceDate "2019.09.30"]
[SourceVersion "1"]
[SourceVersionDate "2019.09.30"]
[SourceQuality "1"]

1. e4 e5 2. Nf3 Nc6 3. d4 exd4 4. Bc4 Nf6 5. e5 Ne4 6. 0-0 Be7 7. Nxd4 0-0 8. Nf5 d6 9. Qg4 Bxf5 10. Qxf5 Nc5 11. Rd1 Nxe5 12. Bb3 Bf6 13. Nc3 Qe8 14. Nd5 Bd8 15. Bg5 Ne6 16. Bf4 Ng6 17. Re1 Qc6 18. Nb4 Qd7 19. Nd3 Re8 20. Rad1 Bf6 21. Nc5 Nxc5 22. Qxd7 Nxd7 23. Kf1 Nxf4 24. Ba4 Rxe1+ 25. Rxe1 Nc5 26. Bb3 Nxb3 27. axb3 Bxb2 28. Re7 Rc8 29. Rd7 Kf8 30. g3 Ne6 31. f4 Ke8 32. Rxf7 Kxf7 33. Kg2 Re8 34. Kh3 g5 35. fxg5 Nxg5+ 36. Kh4 Ne4 37. c4 Rg8 38. b4 Nf2 39. b5 Bc1 40. Kh5 Rg5+ 41. Kh4 Kg6 42. h3 Rh5# 0-1

[Event "GER-ch U12 Girls"]
[Site "Willingen"]
[Date "2019.06.09"]
[Round "1"]
[White "Adelmeyer, Nelly"]
[Black "Wille, Melanie"]
[Result "1-0"]
[WhiteElo "1420"]
[BlackElo "1083"]
[PlyCount "119"]
[EventDate "2019.06.08"]
[EventType "swiss"]
[EventRounds "9"]
[EventCountry "GER"]
[SourceTitle "CBM 191 Extra"]
[Source "ChessBase"]
[SourceDate "2019.09.30"]
[SourceVersion "1"]
[SourceVersionDate "2019.09.30"]
[SourceQuality "1"]

1. d4 d5 2. Nf3 Nf6 3. e3 Nc6 4. Bd3 g6 5. Nbd2 Bg7 6. b3 Nb4 7. Be2 Bf5 8. Bd3 Nxd3+ 9. cxd3 Bxd3 10. Ne5 Bb5 11. a4 Ba6 12. Ba3 0-0 13. b4 b5 14. Qe2 c6 15. Nxc6 Qb6 16. Nxe7+ Kh8 17. Rc1 bxa4 18. Qf3 Rfe8 19. Nxd5 Nxd5 20. Qxd5 Rf8 21. b5 Qxb5 22. Qxb5 Bxb5 23. Bxf8 Rxf8 24. Rc5 a6 25. f4 a3 26. Kf2 f5 27. Ra1 Rb8 28. Rc2 Bf8 29. h3 Bd3 30. Rc3 Be4 31. Nc4 Rc8 32. Rcc1 Bb7 33. Nb6 Rxc1 34. Rxc1 Kg7 35. Ra1 Kf6 36. Nc4 a2 37. Rxa2 Kg7 38. Ne5 Bd6 39. Nd7 Bc8 40. Nb6 Bb7 41. Rc2 Kh6 42. Nc4 Be4 43. Ra2 Bd5 44. Rxa6 Be7 45. Nd6 Bxd6 46. Rxd6 Be4 47. g4 fxg4 48. hxg4 Kg7 49. Re6 Bd5 50. Re5 Bf7 51. d5 Kf8 52. d6 Be8 53. Re7 h5 54. gxh5 gxh5 55. Rh7 Kg8 56. d7 Bxd7 57. Rxd7 Kf8 58. Kg3 Ke8 59. Rh7 h4+ 60. Kxh4 1-0

[Event "GER-ch U12 Girls"]
[Site "Willingen"]
[Date "2019.06.09"]
[Round "2"]
[White "Prinzen, Siri Marleen"]
[Black "Wille, Melanie"]
[Result "1-0"]
[WhiteElo "1505"]
[BlackElo "1083"]
[PlyCount "101"]
[EventDate "2019.06.08"]
[EventType "swiss"]
[EventRounds "9"]
[EventCountry "GER"]
[SourceTitle "CBM 191 Extra"]
[Source "ChessBase"]
[SourceDate "2019.09.30"]
[SourceVersion "1"]
[SourceVersionDate "2019.09.30"]
[SourceQuality "1"]

1. e4 e5 2. Nf3 Nc6 3. Bc4 Bc5 4. c3 d6 5. d4 exd4 6. cxd4 Bb6 7. Nc3 Nf6 8. 0-0 Bg4 9. Be3 0-0 10. h3 Bh5 11. Be2 d5 12. e5 Ne4 13. Nxe4 dxe4 14. Ng5 Bxe2 15. Qxe2 Bxd4 16. Rfd1 f6 17. Qc4+ Kh8 18. Nf7+ Rxf7 19. Qxf7 fxe5 20. Qb3 Qf6 21. Rac1 Rf8 22. Rf1 a5 23. Qxb7 Nb4 24. Qxe4 c5 25. a3 Na6 26. Bxd4 exd4 27. f3 a4 28. Rc4 Qb6 29. Qc2 Qc6 30. Rxd4 Qb5 31. Rh4 h6 32. Qxa4 Qxa4 33. Rxa4 Nc7 34. Rc1 Ne6 35. Re4 Ng5 36. Re5 Nf7 37. Rexc5 Ng5 38. Rc8 Rxc8 39. Rxc8+ Kh7 40. a4 Ne6 41. a5 Nd4 42. a6 Nb5 43. Rb8 Nc7 44. a7 g5 45. Rb7 Kg6 46. Rxc7 Kh5 47. a8Q g4 48. hxg4+ Kh4 49. Qd5 h5 50. Qxh5+ Kg3 51. Qh2# 1-0